000 01632nam a22002537a 4500
999 _c58377
_d58377
003 Ge_BSU
005 20211223114948.0
008 211222s2017 ge ||||| |||| 00| 0 geo d
020 _a9789941260612
041 _ageo
080 _a330.1(075.8) ე-49
245 _aეკონომიკა 30 წამში :
_b30 წამში ახსნილი 50 საყოველთაოდ აღიარებული ეკონომიკური თეორია /
_c ადამ ფიშვიკი, კრისტაკის ჯიორჯიუ, ქეითი ჰიუსტონი, აურელი მაროშელი ; რედაქტორი დონალდ მარრონი ; მთარგმნელი და პ/მგ რედაქტორი ასლან მახაძე.
264 _aთბილისი :
_bუნივერსალი,
_c2017.
300 _a112 გვ. ;
_b20 სმ.
653 _aეკონომიკური თეორია
653 _aსახელმძღვანელო
700 _aჯიორჯიუ, კრისტაკის
_eავტორი
_913344
700 _aჰიუსტონი, ქეითი
_eავტორი
_913345
700 _aმაროშელი, აურელი
_eავტორი
_913346
700 _aმარრონი, დონალდ
_eავტორი
_913347
700 _aმახაძე, ასლან
_eმთარგმნელი, პ/მგ რედაქტორი
_913027
773 _tნაჩუქარი
942 _2udc
_cBK